A guide to Swedish architecture

Guardado en:
Detalles Bibliográficos
Formato: Libro
Lenguaje:inglés
Publicado: Värnamo: Swedisch Institute, 2001
Materias:
Etiquetas: Agregar Etiqueta
Sin Etiquetas, Sea el primero en etiquetar este registro!

MARC

LEADER 00000nam a22000003a 4500
001 stu76167
005 20141121222833.1
008 020619s----------------------------eng-d
020 |a 9152006689 
040 |a STU  |b slo 
041 0 |a eng 
245 |a A guide to Swedish architecture 
260 |a Värnamo: Swedisch Institute, 2001 
300 |a 380 s 
650 7 |a architektúra európska  |2 stusub 
650 7 |a Švédsko  |2 stusub 
650 7 |a architektúra súčasná  |2 stusub 
996 |b 284AB00462  |c A*1009 B  |l AAKNST  |s P  |a 0  |w stu76167_0001